| 000 | 00938nam a2200277 a 4500 | ||
|---|---|---|---|
| 001 | 000006885 | ||
| 003 | DO-SdBNP | ||
| 005 | 20260209080119.0 | ||
| 007 | ta | ||
| 008 | 090903s1999 dr b 000 0 spa d | ||
| 040 |
_aDO-SdBNP _bspa _cBNPHU |
||
| 082 | 4 |
_a467.97293 _bJ61m, 1999 _222 |
|
| 100 | 1 |
_aJiménez Sabater, Max A. _919102 |
|
| 245 | 1 | 0 |
_aMás datos sobre el español de la República Dominicana / _cMax A. Jiménez Sabater. |
| 250 | _a3a ed. | ||
| 260 |
_aSanto Domingo : _bSEEC, _c1999. |
||
| 300 |
_a196 p. : _ail., mapas ; _c22 cm. |
||
| 500 | _aIncluye referencias bibliográficas y notas al pie de las páginas | ||
| 504 | _aBibliografía : p. 181-194 | ||
| 590 | _aInventariado, 2018/LP | ||
| 650 | 4 |
_aDominicanismos _913083 |
|
| 650 | 0 |
_aEspañol _95058 |
|
| 710 | 1 |
_aRepública Dominicana. _bSecretaría de Estado de Educación y Cultura _918697 |
|
| 910 | _aValidado. Control de calidad MFF | ||
| 942 |
_2ddc _cLBS1 |
||
| 999 |
_c6673 _d6673 |
||